Normal view
MARC view
- Chavez, Chito A.
Entry Personal Name
001 - CONTROL NUMBER
- control field: 46936
003 - CONTROL NUMBER IDENTIFIER
- control field: OSt
005 - DATE AND TIME OF LATEST TRANSACTION
- control field: 20221201150145.0
008 - FIXED-LENGTH DATA ELEMENTS
- fixed length control field: 221201|| aca||aabn | a|a d
040 ## - CATALOGING SOURCE
- Original cataloging agency: OSt
- Transcribing agency: OSt
100 ## - HEADING--PERSONAL NAME
- Personal name: Chavez, Chito A.
670 ## - SOURCE DATA FOUND
- Source citation: Work cat.: (OSt): Chavez, Chito A., Congress urged to pass law on stricter regulation of vaping /, November 29, 2019.
